Hum kahan ke sachay thay (Record no. 10748)

000 -LEADER
fixed length control field 00477 a2200181 4500
003 - CONTROL NUMBER IDENTIFIER
control field NUST
005 - DATE AND TIME OF LATEST TRANSACTION
control field 20240121164650.0
008 - FIXED-LENGTH DATA ELEMENTS--GENERAL INFORMATION
fixed length control field 240121b ||||| |||| 00| 0 eng d
040 ## - CATALOGING SOURCE
Original cataloging agency DLC
Language of cataloging DLC
082 ## - DEWEY DECIMAL CLASSIFICATION NUMBER
Classification number 891.4393
Author Mark AHM
100 ## - MAIN ENTRY--PERSONAL NAME
Personal name Umaira Ahmad
9 (RLIN) 2510
245 ## - TITLE STATEMENT
Title Hum kahan ke sachay thay
Statement of responsibility, etc. Umaira Ahmad
260 ## - PUBLICATION, DISTRIBUTION, ETC.
Place of publication, distribution, etc. Lahore
Name of publisher, distributor, etc. Irfan publishers
Date of publication, distribution, etc. 2010
300 ## - PHYSICAL DESCRIPTION
Extent 160 p.
650 ## - SUBJECT ADDED ENTRY--TOPICAL TERM
Topical term or geographic name entry element Urdu--noval
9 (RLIN) 25491
700 ## - ADDED ENTRY--PERSONAL NAME
Personal name Umaira Ahmad
9 (RLIN) 2510
942 ## - ADDED ENTRY ELEMENTS (KOHA)
Koha item type Book
Call number prefix 891.4393 UMA
Source of classification or shelving scheme
Holdings
Withdrawn status Lost status Source of classification or shelving scheme Damaged status Not for loan Permanent Location Current Location Shelving location Date acquired Source of acquisition Cost, normal purchase price Total Checkouts Total Renewals Full call number Barcode Date last seen Date last checked out Price effective from Koha item type
          Central Library (CL) Central Library (CL) Fiction 03/13/2012 Saeed Book Bank 240.00 15 1 891.4393 AHM SEECS010894 01/26/2026 09/29/2022 01/05/2017 Book
          Central Library (CL) Central Library (CL) Fiction 01/21/2014 Donation   23 4 891.4393 AHM SEECSD00910 01/26/2026 12/04/2025 01/05/2017 Book
© 2023 Central Library, National University of Sciences and Technology. All Rights Reserved.